| 000 | 00618cam a2200145ua 4500 | ||
|---|---|---|---|
| 041 |
_aeng _h |
||
| 082 |
_a624.138 _bIND/ME |
||
| 110 | 1 |
_aIndian Standard Instituition . _b _c() |
|
| 245 | _aMethods of test for stabilized soils IS: 432 (Part IV)-1968 | ||
| 260 |
_aNew Delhi : _bIndian Standards Institution , _c1984. |
||
| 300 | _a9 ; . | ||
| 504 | _a | ||
| 942 | _cBK | ||
| 999 |
_c5979 _d5979 |
||